000 00546nam a2200181Ia 4500
003 GCL
008 140319s9999 xx 000 0 ara d
040 _aGCL /
_cGCL
082 0 4 _a962.064
_bع ش
100 1 _aعبدالصمد محمد عبدالصمد
245 1 0 _aشموع لاتضئ: أسرار أيام عبدالناصر /
_cعبدالصمد محمد عبدالصمد
300 _a137
490 _a
650 0 4 _aالعصر الحديث
650 0 4 _aمصر - تاريخ
650 0 4 _aجمال عبدالناصر
942 _2ddc
_cBK
999 _c40282
_d40282